Statistics for African Countries by Population A - Z

Click here to take the quiz!

General Stats

  • This quiz has been taken 106 times
    (55 since last reset)
  • The average score is 15 of 16

Answer Stats

LetterPopulationCountry% Correct
A45 mAlgeria
98%
E125 mEthiopia
98%
N223 mNigeria
98%
R14 mRwanda
98%
K54 mKenya
96%
G34 mGhana
94%
U48 mUganda
94%
Z20 mZambia
94%
D101 mDemocratic Republic of the Congo
92%
T67 mTanzania
92%
S60 mSouth Africa
90%
I29 mIvory Coast
88%
L7 mLibya
88%
M38 mMorocco
86%
C28 mCameroon
84%
B23 mBurkina Faso
78%

Score Distribution

Percentile by Number Answered

Percent of People with Each Score

Your Score History

You have not taken this quiz since the last reset